<?xml version="1.0" encoding="UTF-8"?>
<record
    xmlns:xsi="http://www.w3.org/2001/XMLSchema-instance"
    xsi:schemaLocation="http://www.loc.gov/MARC21/slim http://www.loc.gov/standards/marcxml/schema/MARC21slim.xsd"
    xmlns="http://www.loc.gov/MARC21/slim">

  <leader>00993cam a22002894a 4500</leader>
  <controlfield tag="001">j  65001483 </controlfield>
  <controlfield tag="003">DLC</controlfield>
  <controlfield tag="005">20260227111520.0</controlfield>
  <controlfield tag="008">100702s1935    ja            000 0 jpn  </controlfield>
  <datafield tag="010" ind1=" " ind2=" ">
    <subfield code="a">j  65001483 </subfield>
  </datafield>
  <datafield tag="040" ind1=" " ind2=" ">
    <subfield code="a">DLC</subfield>
    <subfield code="c">DLC</subfield>
    <subfield code="d">DLC</subfield>
  </datafield>
  <datafield tag="043" ind1=" " ind2=" ">
    <subfield code="a">a-ja---</subfield>
  </datafield>
  <datafield tag="050" ind1="0" ind2="0">
    <subfield code="a">KNX2070</subfield>
    <subfield code="b">.M56247 1935</subfield>
  </datafield>
  <datafield tag="066" ind1=" " ind2=" ">
    <subfield code="c">$1</subfield>
  </datafield>
  <datafield tag="100" ind1="1" ind2=" ">
    <subfield code="6">880-01</subfield>
    <subfield code="a">Minobe, Tatsukichi,</subfield>
    <subfield code="d">1873-1948.</subfield>
  </datafield>
  <datafield tag="245" ind1="1" ind2="0">
    <subfield code="6">880-02</subfield>
    <subfield code="a">Nihon Kenp&#x14D; no kihon shugi /</subfield>
    <subfield code="c">Minobe Tatsukichi cho.</subfield>
  </datafield>
  <datafield tag="240" ind1="1" ind2="0">
    <subfield code="6">880-03</subfield>
    <subfield code="a">3-han.</subfield>
  </datafield>
  <datafield tag="260" ind1=" " ind2=" ">
    <subfield code="6">880-04</subfield>
    <subfield code="a">T&#x14D;ky&#x14D; :</subfield>
    <subfield code="b">Nihon Hy&#x14D;ronsha,</subfield>
    <subfield code="c">Sh&#x14D;wa 10 [1935]</subfield>
  </datafield>
  <datafield tag="300" ind1=" " ind2=" ">
    <subfield code="a">4, 4, 206 p. ;</subfield>
    <subfield code="c">23 cm.</subfield>
  </datafield>
  <datafield tag="490" ind1="0" ind2=" ">
    <subfield code="6">880-05</subfield>
    <subfield code="a">Minobe Tatsukichi ronbunsh&#x16B; ;</subfield>
    <subfield code="v">dai 1-kan</subfield>
  </datafield>
  <datafield tag="650" ind1=" " ind2="0">
    <subfield code="a">Constitutional law</subfield>
    <subfield code="z">Japan.</subfield>
  </datafield>
  <datafield tag="880" ind1="1" ind2=" ">
    <subfield code="6">100-01</subfield>
    <subfield code="a">&#x7F8E;&#x6FC3;&#x90E8;&#x9054;&#x5409;,</subfield>
    <subfield code="d">1873-1948.</subfield>
  </datafield>
  <datafield tag="880" ind1="1" ind2="0">
    <subfield code="6">245-02</subfield>
    <subfield code="a">&#x65E5;&#x672C;&#x61B2;&#x6CD5;&#x306E;&#x57FA;&#x672C;&#x4E3B;&#x7FA9; /</subfield>
    <subfield code="c">&#x7F8E;&#x6FC3;&#x90E8;&#x9054;&#x5409;&#x8457;.</subfield>
  </datafield>
  <datafield tag="880" ind1="1" ind2="0">
    <subfield code="6">240-03/$1</subfield>
    <subfield code="a">3&#x7248; .</subfield>
  </datafield>
  <datafield tag="880" ind1=" " ind2=" ">
    <subfield code="6">260-04</subfield>
    <subfield code="a">&#x6771;&#x4EAC; :</subfield>
    <subfield code="b">&#x65E5;&#x672C;&#x8A55;&#x8AD6;&#x793E;,</subfield>
    <subfield code="c">&#x662D;&#x548C;10 [1935]</subfield>
  </datafield>
  <datafield tag="880" ind1="0" ind2=" ">
    <subfield code="6">490-05</subfield>
    <subfield code="a">&#x7F8E;&#x6FC3;&#x90E8;&#x9054;&#x5409;&#x8AD6;&#x6587;&#x96C6; ;</subfield>
    <subfield code="v">&#x7B2C; 1&#x5377;</subfield>
  </datafield>
  <datafield tag="999" ind1=" " ind2=" ">
    <subfield code="c">35007</subfield>
    <subfield code="d">35007</subfield>
  </datafield>
</record>
